| 000 | 01920nam a2200301 a 4500 | ||
|---|---|---|---|
| 001 | 17761221 | ||
| 008 | 161027s2014 ||||||||||||||||| || u | ||
| 010 | _a2013941887 | ||
| 020 | _a9781446207970 | ||
| 020 | _a9781446207963 | ||
| 020 | _a1446207978 | ||
| 020 | _a144620796X | ||
| 050 | _aHD 57.7 Sch | ||
| 100 | _aEdwards, Gareth | ||
| 245 | 1 | 0 |
_aStudying leadership: traditional and critical approaches _cDoris Schedlitzki and Gareth Edwards |
| 260 |
_aLondon _bSAGE Publications _c2014 |
||
| 300 | _axxii, 340p: ill. | ||
| 350 | _a59.00 | ||
| 500 | _aIncludes bibliographical references (pages 301-333) and index. | ||
| 520 | _aWritten by leading academics, it is a truly comprehensive text, bringing together 15 different areas of Leadership and demonstrating how they are all connected. Each area is critically evaluated, firmly grounded in research and explored in enough depth to appeal to both undergraduate and postgraduate students. This text is structured around a timeline which guides students through the psychological and sociological influences that have led to opposing arguments in the field of Leadership studies to the most current thinking and debates and future perspectives, ensuring a holistic understanding. | ||
| 650 | 0 | _aLEADERSHIP | |
| 650 | _aSTUDYING LEADERSHIP | ||
| 700 | _aSchedlitzki, Doris | ||
| 856 | _uhttp://www.sagepub.co.uk/studyleadership | ||
| 995 |
_aMAIN LIBRARY OPEN ACCESS _D59.00 _e747132 _FCBU-MAIN LIBRARY (Kitwe) _jHD 57.7 Sch _M2 _UAVAILABLE _WOct 27, 2016 _y747132 _ZMain Library Open Access Collection |
||
| 995 |
_aMAIN LIBRARY OPEN ACCESS _e748826 _FCBU-MAIN LIBRARY (Kitwe) _I59.00 _jHD 57.7 Sch _M3 _UAVAILABLE _WJan 30, 2019 _y748826 _ZMain Library Open Access Collection |
||
| 995 |
_aMEDICAL LIBRARY OPEN ACCESS _e745806 _FCBU-SCHOOL OF MEDICINE LIBRARY (Ndola) _I59.00 _jHD 57.7 Sch _M1 _UAVAILABLE _WJan 26, 2016 _y745806 _ZMedical Library Open Access Collection |
||
| 999 |
_c80785 _d80785 |
||